| 000 | 00757nam0a22002411 4500 | ||
|---|---|---|---|
| 001 | rc\2356201 | ||
| 005 | 20250623052220.0 | ||
| 035 | _a(NLR Aleph) 006593433 | ||
| 090 |
_a7170888 _c7170888 |
||
| 100 | _a20110829d1977 |||y0rusy50 ca | ||
| 101 | 0 | _arus | |
| 102 | _aRU | ||
| 105 | _aa z |||a| | ||
| 200 | 1 |
_aНовая песенка _eСтихи _e[Сборник] _fРис. Е. Монина |
|
| 210 |
_aМосква _cДет. лит. _d1977 |
||
| 215 |
_a175 с. _cил. _d22 |
||
| 225 | 1 |
_aШкольная библиотека для нерусских школ _iДля начальной школы |
|
| 801 | 0 |
_aRU _bNLR _gpsbo |
|
| 801 | 1 |
_aRU _bELAR _2rusmarc |
|
| 852 |
_aNLR _j77-5/4509 |
||
| 899 |
_aRuMoRGB _jM 77-8/497 |
||
| 942 | _cBOOK | ||
| 980 | _aNB | ||